000 00378nam a2200145Ia 4500
008 230312s9999||||xx |||||||||||||| ||und||
082 _a336.27
_bMUG-S
100 _aMughal Muhammad Muazzam
245 0 _aSales Tax
260 _bSyed Mobin Mahmud&co
_aLahore
_c2006
300 _a298
546 _aEng.
650 _aEconomics
_vThe Sales Tax Act 1951.Zakat and Ushr
942 _cBK
999 _c2384
_d2384